[Event "It"]
[Site "Belgrade"]
[Date "1995.11.14"]
[Round "1"]
[White "Topalov, V"]
[Black "Beliavsky, A"]
[Result "1-0"]
[WhiteElo "2640"]
[BlackElo "2650"]

1. e4 e5 2. Nf3 Nc6 3. Bb5 a6 4. Ba4 Nf6 5. O-O Be7 6. Re1 b5 7. Bb3 d6 8.
c3 O-O 9. h3 Nd7 10. d4 Bf6 11. a4 Bb7 12. Na3 Nb6 13. d5 Na5 14. axb5 axb5
15. Be3 Nbc4 16. Bxc4 bxc4 17. Nd2 c6 18. Naxc4 Nxc4 19. Rxa8 Bxa8 20. Nxc4
cxd5 21. exd5 Be7 22. Qd2 f5 23. f4 Qc7 24. b3 Bf6 25. fxe5 dxe5 26. Bb6
Qb7 27. d6 f4 28. Rf1 Qd7 29. Bc7 Qb5 30. Nb6 Bb7 31. b4 f3 32. c4 Qe8 33.
Nd5 Bh4 34. d7 Qg6 35. b5 Kh8 36. Ne3 Bg5 37. Rf2 Qe4 38. Rxf3 Qb1+ 39. Nf1
Bxf3 40. Qxg5 Be2 1-0

Corrected Piket - Polgar Gamescore
-----------------------------------

[Event "m"]
[Site "Aruba"]
[Date "1995.10.26"]
[Round "2"]
[White "Polgar, J"]
[Black "Piket, Je"]
[Result "1/2-1/2"]
[WhiteElo "2635"]
[BlackElo "2625"]

1. e4 e5 2. Nf3 Nc6 3. Bb5 a6 4. Ba4 Nf6 5. O-O Be7 6. Re1 b5 7. Bb3 d6 8.
c3 O-O 9. d3 Na5 10. Bc2 c5 11. Nbd2 Nc6 12. Nf1 Re8 13. Ng3 h6 14. h3 Be6
15. d4 cxd4 16. cxd4 exd4 17. Ne2 Nb4 18. Bb1 d3 19. Ned4 Bf8 20. a3 Nc2
21. Nxc2 dxc2 22. Bxc2 Bc8 23. Nd4 Bb7 24. f3 g6 25. a4 b4 26. Qd2 Qc7 27.
Qxb4 d5 28. Qc3 Qxc3 29. bxc3 dxe4 30. Rb1 Bd5 31. Kf2 Rac8 32. Bd2 Kg7 33.
Bb3 Ba8 34. Re2 Bd6 35. Ba2 Nh5 36. Rb6 Bg3+ 37. Kg1 Nf4 38. Re3 Nd3 39.
Kf1 Nc5 40. Re2 a5 41. Rb5 Nxa4 1/2-1/2

Corrected Paris Gamescores
---------------------------

[Event "INTEL Rapid 25'"]
[Site "Paris"]
[Date "1995.11.10"]
[Round "1.2"]
[White "Aseev, K"]
[Black "Georgiev, Ki"]
[Result "1-0"]
[WhiteElo "2530"]
[BlackElo "2625"]

1. e4 c5 2. Nf3 d6 3. d4 cxd4 4. Nxd4 Nf6 5. Nc3 a6 6. Bc4 e6 7. Qe2 b5 8. Bb3
Be7 9. Bg5 O-O 10. Rd1 b4 11. Na4 Qa5 12. Bd2 Bd7 13. a3 Bxa4 14. Bxb4 Qg5 15.
f4 Qxf4 16. Bxa4 Nxe4 17. Rf1 Bh4+ 18. g3 Bxg3+ 19. hxg3 Qxg3+ 20. Rf2 Nxf2 21.
Qxf2 Qe5+ 22. Kf1 a5 23. Bc3 Na6 24. Nc6 Qe4 25. Rd4 Qh1+ 26. Ke2 Qh5+ 27. Kd2
Nc5 28. Qg3 Qh6+ 29. Ke2 e5 30. Rh4 Qf6 31. Bb5 Ne6 32. Nxa5 Nf4+ 33. Kd1 g5
34. Rh1 h6 35. Re1 Rab8 36. a4 Kh7 37. Nc6 Qe6 38. Nxb8 Rxb8 39. b3 f5 40. Kc1
Ng6 41. Qe3 Qe7 42. Qd3 Rf8 43. a5 Nf4 44. Qc4 d5 45. Qa4 Qc5 46. Bb4 Qf2 47.
Bxf8 Qxe1+ 48. Kb2 d4 49. Bb4 Qe3 50. a6 d3 51. Bxd3 Nxd3+ 52. cxd3 Qf2+ 53.
Ka3 Qd4 54. Be7 Qa1+ 55. Kb4 Qd4+ 56. Ka5 Qc3+ 57. Kb6 1-0

[Event "INTEL GP 5' / 5'"]
[Site "Paris"]
[Date "1995.11.12"]
[Round "4.3"]
[White "Kramnik, V"]
[Black "Kasparov, G"]
[Result "0-1"]
[WhiteElo "2715"]
[BlackElo "2805"]

1. Nf3 Nf6 2. c4 g6 3. Nc3 Bg7 4. e4 d6 5. d4 O-O 6. Be2 e5 7. d5 a5 8. Bg5 h6
9. Bh4 Na6 10. O-O Qe8 11. Nd2 Nh7 12. a3 h5 13. f3 Bd7 14. b3 f5 15. Rb1 Nc5
16. Nb5 Bxb5 17. cxb5 Bh6 18. exf5 gxf5 19. b6 cxb6 20. Nc4 Qg6 21. Be7 Rf7 22.
Bxd6 Rg7 23. Rf2 e4 24. Bxc5 bxc5 25. fxe4 fxe4 26. d6 Nf6 27. Qf1 Nd7 28. Rd1
b5 29. Rd5 bxc4 30. Bxh5 Qe6 31. bxc4 Be3 0-1

National Championships of Iceland Skakting Islands - Reykjavik 
---------------------------------------------------------------

[Event "Nat Ch"]
[Site "Reykjavik"]
[Date "1995.11.14"]
[Round "1"]
[White "Stefansson, H"]
[Black "Bjarnason, S"]
[Result "1-0"]
[WhiteElo "2520"]
[BlackElo "2295"]

1. e4 c6 2. d4 d5 3. e5 Bf5 4. Nf3 e6 5. Be2 c5 6. Be3 Ne7 7. c4 dxc4 8.
Bxc4 Nbc6 9. Nc3 cxd4 10. Nb5 Ng6 11. Nbxd4 Bb4+ 12. Ke2 Be4 13. Qb3 Bxf3+
14. Nxf3 Qb8 15. Bb5 O-O 16. Rac1 Rc8 17. Rhd1 a5 18. a3 Bf8 19. Kf1 Ncxe5
20. Rxc8 Qxc8 21. Nxe5 Nxe5 22. Rc1 Qd8 23. Be2 Qd7 24. Rd1 Qe7 25. Qb5 Nc6
26. Bf3 Qc7 27. g3 Be7 28. Bb6 Qc8 29. Kg2 h6 30. h4 Bf6 31. Be4 Qe8 32.
Bc5 Qc8 33. Rd3 a4 34. Bb6 Qe8 35. Rd2 Qc8 36. h5 Qe8 37. Bc2 Bg5 38. f4
Bd8 39. Bf2 Qe7 40. Qd3 f5 41. Qc4 Qf7 42. Bxa4 Bf6 43. Bd1 Rc8 44. Bf3 Kh8
45. Qb5 Rc7 46. Qe2 Qe8 47. Bb6 Rd7 48. Qd1 Rxd2+ 49. Qxd2 e5 50. Be3 e4
51. Bd1 Qf7 52. b4 Qc4 53. Qc2 Qxc2+ 54. Bxc2 Bb2 55. Bb3 Bxa3 56. b5 Ne7
57. Bd4 Kh7 58. Bf7 Bb4 59. Kh3 Kh8 60. g4 Nc8 61. Bd5 fxg4+ 62. Kxg4 Nd6
63. b6 Ba5 64. Be6 Nb5 65. Be3 Nc3 66. Bb3 Nb1 67. Kf5 Kh7 68. Ke5 Bc3+ 69.
Kd5 Bd2 70. Kxe4 Nc3+ 71. Kd3 Bxe3 72. Kxe3 g5 73. f5 Kg7 74. Kd4 Ne2+ 75.
Ke5 Nf4 76. Bd1 Nd3+ 77. Ke6 Nc5+ 78. Ke7 Ne4 79. Bf3 1-0

[Event "Nat Ch"]
[Site "Reykjavik"]
[Date "1995.11.14"]
[Round "1"]
[White "Vidarsson, J"]
[Black "Gretarsson, H"]
[Result "1/2-1/2"]
[WhiteElo "2325"]
[BlackElo "2440"]

1. e4 e5 2. Nf3 Nc6 3. Bb5 a6 4. Ba4 Nf6 5. Qe2 Bc5 6. O-O O-O 7. d3 Nd4 8.
Nxd4 Bxd4 9. c3 Ba7 10. Bg5 h6 11. Bh4 d6 12. Kh1 g5 13. Bg3 Bg4 14. f3 Be6
15. Nd2 Nh5 16. Rfd1 Nxg3+ 17. hxg3 g4 18. Nf1 Qg5 19. d4 Kh8 20. Nh2 gxf3
21. Qxf3 Rg8 22. d5 Bg4 23. Nxg4 Qxg4 24. Rf1 Qxg3 25. Qxg3 Rxg3 26. Bd7
Rag8 27. Bh3 R8g7 28. Rae1 a5 29. Kh2 Be3 30. Re2 Kg8 31. Rf3 Rxf3 32. gxf3
Bf4+ 33. Kh1 Rg5 34. Rg2 Kg7 35. Rxg5+ Bxg5 36. a4 Bd2 37. c4 Kg6 38. Kg2
Kg5 39. Bc8 b6 40. Bd7 Kf4 41. Bc8 h5 42. Bd7 h4 43. Bc8 Bb4 44. Bd7 Bc5
45. b3 Bd4 46. Bg4 Be3 47. Bd7 Bc5 48. Bg4 Bb4 49. Bd7 Ke3 50. Bc8 Ke2 51.
Bd7 Kd3 52. Kh3 Be1 53. Kg2 Kc2 54. Bb5 Kxb3 55. Kh3 Kc3 56. Kg2 Kd4 57.
Ba6 Ke3 58. Bc8 Bb4 59. Bd7 Bc5 60. Bc8 b5 61. cxb5 Bb6 62. Bg4 Kd3 63. Kh3
Kc3 64. f4 exf4 65. Kxh4 Bf2+ 66. Kh3 Kd2 67. Bf3 Bd4 68. Kg4 Be5 69. Bg2
Ke3 70. Bf3 Kd4 71. Bg2 Kd3 72. Bf3 Kc2 73. Be2 1/2-1/2

[Event "Nat Ch"]
[Site "Reykjavik"]
[Date "1995.11.14"]
[Round "1"]
[White "Karason, A"]
[Black "Karlsson, A"]
[Result "1/2-1/2"]
[WhiteElo "2235"]
[BlackElo "2315"]

1. d4 Nf6 2. c4 e6 3. Nc3 d5 4. cxd5 exd5 5. Bg5 Be7 6. e3 O-O 7. Qc2 Nbd7
8. Bd3 Re8 9. Nf3 Nf8 10. O-O a5 11. h3 c6 12. Rae1 Ne4 13. Bxe7 Qxe7 14.
Bxe4 dxe4 15. Nd2 f5 16. f3 exf3 17. Nxf3 Ng6 18. e4 f4 19. Qf2 Rf8 20. d5
Ra6 21. Rd1 cxd5 22. exd5 Ne5 23. Qd4 Nxf3+ 24. Rxf3 Rg6 25. d6 Qd7 26. Rd2
Re8 27. Qxf4 b5 28. Nd5 Rxd6 29. Ne7+ Qxe7 30. Qxd6 Qe1+ 31. Rf1 Qe3+ 32.
Rdf2 h6 33. Kh2 Kh7 34. Rf3 Qe4 35. R1f2 Be6 36. Qd3 Qxd3 37. Rxd3 Bxa2 38.
Ra3 Bc4 39. Rxa5 Re3 40. Ra7 h5 41. Rf5 Kg6 42. Rc5 Rb3 43. Rb7 Be2 44.
Rc6+ Kh7 45. Rcc7 Rxb2 46. Rxg7+ Kh6 47. h4 Rb4 48. g3 Bf3 49. Rbc7 Rb1 50.
g4 Bxg4 51. Rg5 Rb3 52. Rc6+ Kh7 53. Re5 Kg7 54. Re7+ Kf8 55. Ra7 Rh3+ 56.
Kg2 Rd3 57. Rh6 Kg8 58. Rhh7 b4 59. Rhe7 Kf8 60. Kf2 Rf3+ 61. Ke1 b3 62.
Rh7 Kg8 63. Rhb7 Be6 64. Ke2 Rf7 65. Rxf7 Bxf7 66. Ke3 Bg6 67. Rb7 Bc2 68.
Kf4 1/2-1/2

[Event "Nat Ch"]
[Site "Reykjavik"]
[Date "1995.11.14"]
[Round "1"]
[White "Ornolfsson, M"]
[Black "Hjartarson, J"]
[Result "1/2-1/2"]
[WhiteElo "2180"]
[BlackElo "2570"]

1. e4 c5 2. Nf3 e6 3. c3 d5 4. exd5 Qxd5 5. d4 Nf6 6. Be2 Nc6 7. O-O cxd4
8. cxd4 Be7 9. Nc3 Qd6 10. Bg5 O-O 11. Qd2 Nd5 12. Rfd1 Bxg5 13. Qxg5 Nce7
14. Bd3 h6 15. Qe5 Qxe5 16. dxe5 Nxc3 17. bxc3 b6 18. Nd4 Bd7 19. Ba6 Ba4
20. Re1 Rfd8 21. Rac1 Rab8 22. Bc4 Rdc8 23. Bb3 Bd7 24. c4 Rc5 25. f4 Nc6
26. Rcd1 Nxd4 27. Rxd4 Bc6 28. Red1 g6 29. g3 Kg7 30. R1d2 b5 31. cxb5
Rbxb5 32. Kf2 Rc1 33. Rc4 Rxc4 34. Bxc4 Rb1 35. Bf1 g5 36. Bg2 Bxg2 37.
Kxg2 Rb4 38. Kf3 Ra4 39. h4 Kg6 40. hxg5 hxg5 41. Kg4 gxf4 42. gxf4 f5+ 43.
exf6 Kxf6 44. Re2 Ra3 45. Rc2 a6 46. Rb2 Ra4 47. Re2 Ra3 48. Rc2 a5 49. Rb2
a4 50. Re2 Rd3 51. Re4 Ra3 1/2-1/2

[Event "Nat Ch"]
[Site "Reykjavik"]
[Date "1995.11.14"]
[Round "1"]
[White "Sigurpalsson, R"]
[Black "Fridjonsson, Ju"]
[Result "1/2-1/2"]
[WhiteElo "2285"]
[BlackElo "2210"]

1. d4 d5 2. Nf3 Nf6 3. Bf4 c5 4. c3 g6 5. e3 Bg7 6. h3 O-O 7. Be2 Nc6 8.
Nbd2 b6 9. O-O Bb7 10. Qb3 Rc8 11. Rfc1 Nd7 12. dxc5 Nxc5 13. Qd1 e5 14.
Bg3 Qe7 15. Bh4 Bf6 16. Bxf6 Qxf6 17. Nb3 Ne6 18. Rc2 Rfd8 19. Rd2 Rc7 20.
Rc1 Rcd7 21. Bf1 Kg7 22. a3 Nc5 23. Nxc5 bxc5 24. b4 e4 25. Ne1 d4 26. exd4
cxd4 27. b5 Ne7 28. cxd4 Rxd4 29. Rxd4 Rxd4 30. Qb3 Rd2 31. Qe3 Qb2 32. Rb1
Qd4 33. Qxd4+ Rxd4 34. Nc2 Rd2 35. Nb4 Nf5 36. Rc1 e3 37. fxe3 Nxe3 38. Nc6
Nxf1 39. Kxf1 a6 40. a4 Ra2 41. Rc4 axb5 42. axb5 Rb2 43. Rc5 1/2-1/2

[Event "Nat Ch"]
[Site "Reykjavik"]
[Date "1995.11.15"]
[Round "2"]
[White "Karlsson, A"]
[Black "Jonasson, B"]
[Result "1-0"]
[WhiteElo "2315"]
[BlackElo "2300"]

1. e4 c5 2. Nf3 Nc6 3. Bb5 e6 4. Bxc6 bxc6 5. O-O d5 6. Re1 Nf6 7. e5 Nd7
8. d3 Be7 9. Nc3 Qc7 10. Qe2 h6 11. b3 Ba6 12. Ba3 Qa5 13. Nb1 c4 14. Bxe7
cxd3 15. cxd3 Kxe7 16. Qc2 Rac8 17. Nc3 c5 18. Qd2 Qb6 19. Nh4 Bb7 20. f4
Qb4 21. Nf3 g6 22. a3 Qb6 23. Kh1 d4 24. Ne4 Bxe4 25. dxe4 Qb8 26. b4 Rhd8
27. Rab1 Qc7 28. Rbc1 Qb8 29. Qf2 g5 30. fxg5 Nxe5 31. gxh6 Rh8 32. Qh4+ f6
33. bxc5 Nxf3 34. gxf3 Qb3 35. Rf1 Qe3 36. h7 e5 37. Rb1 Rc7 38. Qh3 d3 39.
Rg1 Qxc5 40. Rg8 d2 41. Rxh8 Qb5 42. Rg1 Rc1 43. Rhg8 d1=Q 44. h8=Q 1-0

[Event "Nat Ch"]
[Site "Reykjavik"]
[Date "1995.11.15"]
[Round "2"]
[White "Vidarsson, J"]
[Black "Karason, A"]
[Result "1-0"]
[WhiteElo "2325"]
[BlackElo "2235"]

1. e4 c5 2. Nf3 d6 3. d4 cxd4 4. Nxd4 Nf6 5. Nc3 g6 6. Be3 Bg7 7. f3 Nc6 8.
Qd2 O-O 9. O-O-O d5 10. exd5 Nxd5 11. Nxc6 bxc6 12. Bd4 Nxc3 13. Qxc3 Bh6+
14. Be3 Bxe3+ 15. Qxe3 Qb6 16. Qxe7 Be6 17. Kb1 Qa5 18. b3 Rad8 19. Bd3 Rd7
20. Qf6 Rfd8 21. h4 Rd6 22. Qg5 Rd5 23. Qd2 Qc5 24. Kb2 Qd6 25. h5 Bf5 26.
hxg6 fxg6 27. Bc4 1-0

[Event "Nat Ch"]
[Site "Reykjavik"]
[Date "1995.11.15"]
[Round "2"]
[White "Edvardsson, K"]
[Black "Sigurpalsson, R"]
[Result "1-0"]
[WhiteElo "2210"]
[BlackElo "2285"]

1. d4 Nf6 2. c4 e6 3. Nc3 c5 4. d5 exd5 5. cxd5 g6 6. Nf3 d6 7. e4 Bg7 8.
Bd3 O-O 9. h3 Na6 10. O-O Nc7 11. a4 Nd7 12. Bg5 Qe8 13. Nd2 Qe5 14. Bh4
Bf6 15. Nc4 Qe7 16. Bxf6 Nxf6 17. e5 Nfe8 18. Bc2 b6 19. exd6 Nxd6 20. Re1
Qd8 21. Nxd6 Qxd6 22. Ne4 Qe5 23. d6 Ne6 24. Qf3 Bb7 25. Nf6+ Kg7 26. Qxb7
Qxf6 27. Be4 Rad8 28. Rad1 Nd4 29. d7 Qd6 30. Qxa7 Rxd7 31. Qa6 Re8 32. Bb1
Re2 33. b4 Rde7 34. Rf1 cxb4 35. Qc4 R2e4 36. Bxe4 Rxe4 37. Kh1 h5 38. f3
Rf4 39. g3 Nf5 40. gxf4 1-0

[Event "Nat Ch"]
[Site "Reykjavik"]
[Date "1995.11.15"]
[Round "2"]
[White "Bjarnason, S"]
[Black "Ornolfsson, M"]
[Result "1-0"]
[WhiteElo "2295"]
[BlackElo "2180"]

1. d4 Nf6 2. c4 c5 3. d5 d6 4. Nc3 g6 5. Nf3 Bg7 6. e4 O-O 7. Be2 b5 8.
cxb5 a6 9. O-O axb5 10. Bxb5 Ba6 11. Nd2 Nfd7 12. Qe2 Bxb5 13. Nxb5 Na6 14.
Nc4 Nb4 15. a3 Qb8 16. Nc3 Na6 17. Bg5 Re8 18. Rac1 Nc7 19. f4 Nb5 20. Nxb5
Qxb5 21. e5 dxe5 22. f5 f6 23. Be3 Nb6 24. Qg4 Ra4 25. b4 Nxc4 26. Rxc4
Rxa3 27. fxg6 Rxe3 28. Qe6+ Kh8 29. Rh4 h6 30. Qf7 1-0

[Event "Nat Ch"]
[Site "Reykjavik"]
[Date "1995.11.15"]
[Round "2"]
[White "Fridjonsson, Ju"]
[Black "Stefansson, H"]
[Result "0-1"]
[WhiteElo "2210"]
[BlackElo "2520"]

1. c4 e5 2. g3 d6 3. Nc3 g6 4. d4 Nd7 5. Nf3 Bg7 6. Bg2 Ngf6 7. dxe5 dxe5
8. O-O O-O 9. h3 Qe7 10. Bg5 c6 11. Qc2 h6 12. Be3 Ne8 13. Rad1 f5 14. Bc1
Nc7 15. Qd2 Ne6 16. Qd6 Qf6 17. Qd2 e4 18. Ne1 Nb6 19. Qc2 Nd4 20. Qb1 Nxc4
21. Nc2 Nxc2 22. Qxc2 Be6 23. Qa4 a5 24. f3 exf3 25. Bxf3 Qe5 26. Kh2 Ne3
27. Bxe3 Qxe3 28. Rd3 Qe5 29. Qf4 Qxf4 30. gxf4 Rad8 31. Rfd1 Bf6 32. b3
Rxd3 33. Rxd3 Rd8 34. Rxd8+ Bxd8 35. Na4 Be7 36. Nb6 Bd6 37. Kg3 g5 38. e3
Bc5 39. Nc4 a4 40. Be2 b5 41. Ne5 Bxb3 42. Nxc6 Bxa2 43. Bxb5 a3 0-1

[Event "Nat Ch"]
[Site "Reykjavik"]
[Date "1995.11.16"]
[Round "3"]
[White "Stefansson, H"]
[Black "Edvardsson, K"]
[Result "1-0"]
[WhiteElo "2520"]
[BlackElo "2210"]

1. e4 e5 2. Nf3 Nc6 3. Bc4 Nf6 4. d3 Be7 5. O-O O-O 6. Re1 d6 7. c3 Bg4 8.
Nbd2 Na5 9. Bb5 a6 10. Ba4 b5 11. Bc2 c5 12. h3 Bh5 13. Nf1 Re8 14. Ng3 Bg6
15. Nh4 Bf8 16. Nhf5 h6 17. f4 Nc6 18. fxe5 dxe5 19. Qf3 Ra7 20. Be3 Nh7
21. h4 Bxf5 22. Nxf5 g6 23. Nxh6+ Bxh6 24. Bxh6 Qxh4 25. Be3 Ng5 26. Qf2
Qxf2+ 27. Kxf2 Ne6 28. b4 Rc7 29. bxc5 b4 30. Rec1 Rd8 31. Bb3 Rxd3 32.
cxb4 Nxb4 33. Rab1 Rd8 34. Bxe6 Nd3+ 35. Kf3 Nxc1 36. Bc4 Nd3 37. Rd1 Rcd7
38. c6 Nc5 39. cxd7 Rxd7 40. Rxd7 1-0

[Event "Nat Ch"]
[Site "Reykjavik"]
[Date "1995.11.16"]
[Round "3"]
[White "Hjartarson, J"]
[Black "Bjarnason, S"]
[Result "1/2-1/2"]
[WhiteElo "2570"]
[BlackElo "2295"]

1. d4 Nf6 2. c4 e6 3. Nf3 d5 4. Nc3 c6 5. Bg5 h6 6. Bxf6 Qxf6 7. e3 Bd6 8.
Bd3 Nd7 9. O-O Qe7 10. c5 Bc7 11. e4 dxe4 12. Nxe4 O-O 13. Re1 Rd8 14. Qe2
b6 15. b4 Bb7 16. Rac1 Rac8 17. a3 Bb8 18. Rcd1 a5 19. g3 axb4 20. axb4 Bc7
21. h4 Ra8 22. Ra1 Rdb8 23. Bc2 Qd8 24. Qd3 Nf8 25. Qc3 Rxa1 26. Rxa1 Ra8
27. Rxa8 Qxa8 28. Ne5 b5 29. Bb3 f6 30. Nf3 Bc8 31. Nfd2 Qb8 32. Qf3 Bd7
33. Nf1 Qd8 34. Ne3 Kh8 35. Qd1 Be8 36. Bc2 Bf7 37. Nc3 Qa8 38. Be4 Qa3 39.
Ne2 Be8 40. Qb1 Bb8 41. Nc2 Qa7 42. Qa1 Qxa1+ 43. Nxa1 Ng6 44. Nb3 Ne7 45.
Nc3 Kg8 46. Kg2 Bd7 47. f4 Kf7 48. Nd2 h5 49. Nf1 Nd5 50. Nxd5 exd5 51. Bf3
g6 52. Ne3 f5 53. Nxd5 cxd5 54. Bxd5+ Be6 55. Bc6 Bc4 56. d5 Bc7 57. d6 Bd8
58. Bb7 Bf6 59. Kh2 Ke6 60. Bc8+ Kd5 61. Bb7+ Ke6 62. Bc8+ Kd5 63. Bb7+
1/2-1/2

[Event "Nat Ch"]
[Site "Reykjavik"]
[Date "1995.11.16"]
[Round "3"]
[White "Karason, A"]
[Black "Gretarsson, H"]
[Result "1/2-1/2"]
[WhiteElo "2235"]
[BlackElo "2440"]

1. d4 d5 2. c4 c6 3. Nc3 Nf6 4. e3 g6 5. Nf3 Bg7 6. Bd3 O-O 7. O-O Bg4 8.
h3 Bxf3 9. Qxf3 e6 10. Rd1 Nbd7 11. Bf1 Re8 12. Qe2 Qe7 13. e4 Nxe4 14.
Nxe4 dxe4 15. Qxe4 e5 16. d5 f5 17. Qe1 c5 18. b4 Qd6 19. bxc5 Nxc5 20. Ba3
b6 21. Rab1 e4 22. Rb5 f4 23. Qe2 Re7 24. Rdb1 Rae8 25. Qg4 h5 26. Bxc5
bxc5 27. Qg5 Kh7 28. g3 Bh6 29. Qh4 e3 30. Rb7 f3 31. fxe3 Bxe3+ 32. Kh1
Kh6 33. Rxe7 Rxe7 34. g4 Bd4 35. gxh5 gxh5 36. Re1 Rxe1 37. Qxe1 Qf4 38.
Qe6+ Kg5 39. Qe7+ Bf6 40. Qxc5 Bd4 41. Qe7+ Kh6 42. h4 Qg3 43. Qe6+ Kg7 44.
Qe7+ Kh6 45. Qe6+ 1/2-1/2

[Event "Nat Ch"]
[Site "Reykjavik"]
[Date "1995.11.16"]
[Round "3"]
[White "Ornolfsson, M"]
[Black "Fridjonsson, Ju"]
[Result "1-0"]
[WhiteElo "2180"]
[BlackElo "2210"]

1. e4 c6 2. d4 d5 3. exd5 cxd5 4. c4 Nf6 5. Nc3 e6 6. Nf3 Be7 7. c5 O-O 8.
Bd3 b6 9. b4 a5 10. Na4 Nfd7 11. O-O axb4 12. Qc2 Rxa4 13. Qxa4 bxc5 14.
Bb5 Qb6 15. Bd2 cxd4 16. Rab1 e5 17. Bxb4 Bxb4 18. Rxb4 Nc5 19. Qa3 Qd6 20.
Rbb1 Bg4 21. Nxe5 Qxe5 22. Qxc5 Nd7 23. Bxd7 Bxd7 24. Rfe1 Qg5 25. Qxf8+
1-0

[Event "Nat Ch"]
[Site "Reykjavik"]
[Date "1995.11.16"]
[Round "3"]
[White "Sigurpalsson, R"]
[Black "Karlsson, A"]
[Result "0-1"]
[WhiteElo "2285"]
[BlackElo "2315"]

1. c4 g6 2. Nc3 Bg7 3. d4 d6 4. e4 Nc6 5. Be3 e5 6. d5 Nce7 7. Bd3 c5 8.
Qd2 f5 9. f3 Nf6 10. Nge2 O-O 11. O-O f4 12. Bf2 g5 13. b4 b6 14. bxc5 bxc5
15. Nc1 g4 16. Be2 Ng6 17. Rb1 g3 18. hxg3 Nh5 19. Qe1 fxg3 20. Bxg3 Qg5
21. Bh2 Bh3 22. Rf2 Nh4 23. g4 Qe3 24. Nd3 Rxf3 25. gxh5 Qg5+ 26. Kh1 Bg2+
27. Kg1 Rxd3 28. Bxd3 Bxe4+ 29. Kf1 Bxd3+ 30. Ne2 e4 31. Qc1 Qxh5 32. Rb7
Bxe2+ 33. Rxe2 Rf8+ 0-1

[Event "Nat Ch"]
[Site "Reykjavik"]
[Date "1995.11.17"]
[Round "4"]
[White "Vidarsson, J"]
[Black "Sigurpalsson, R"]
[Result "0-1"]
[WhiteElo "2325"]
[BlackElo "2285"]

1. e4 Nf6 2. Nc3 e5 3. f4 d5 4. fxe5 Nxe4 5. Nf3 Be7 6. d4 Bh4+ 7. g3 Be7
8. Bd3 Nxc3 9. bxc3 Bh3 10. Be3 c5 11. Qd2 h6 12. Rb1 Qc7 13. Bf4 g5 14.
Be3 Nd7 15. c4 dxc4 16. Be4 cxd4 17. Qxd4 Nb6 18. Qb2 O-O 19. Bd4 Bc5 20.
c3 f5 21. Ng1 fxe4 22. Nxh3 Bxd4 23. cxd4 Qd7 24. Nf2 e3 25. Nd1 Qd5 26.
Rg1 Qe4 27. Rg2 Rad8 28. Qc2 Rxd4 29. Qxe4 Rxe4 30. Rb5 Re8 31. Ra5 Nc8 32.
Rc2 Kf7 33. Rc5 R4xe5 34. Rc7+ R5e7 35. R2xc4 Nd6 36. Rc3 b5 37. Rxe7+ Rxe7
38. Rxe3 Nc4 39. Rxe7+ Kxe7 40. Nc3 a6 41. Ke2 Ke6 42. Kf3 b4 43. Ne2 Ke5
44. Kg4 Ke4 45. Kh5 Kd3 46. Nc1+ Kc2 47. Ne2 Kb2 48. Kxh6 g4 49. Kg5 Ne3
50. Kf4 Nf1 51. Kxg4 Nxh2+ 52. Kh3 Nf3 53. g4 Kxa2 54. Kg3 Ng5 55. Kf4 Nf7
56. Ke4 a5 57. Kd4 Kb3 58. Kc5 Ka3 59. Nd4 b3 60. Nf3 b2 61. Nd2 Ka2 62.
Kb5 Ne5 63. Ka4 Nc4 64. Ne4 Ka1 65. Nc3 Nb6+ 0-1

[Event "Nat Ch"]
[Site "Reykjavik"]
[Date "1995.11.17"]
[Round "4"]
[White "Edvardsson, K"]
[Black "Ornolfsson, M"]
[Result "1-0"]
[WhiteElo "2210"]
[BlackElo "2180"]

1. d4 Nf6 2. c4 c5 3. d5 d6 4. Nc3 g6 5. e4 Bg7 6. Bd3 O-O 7. h3 a6 8. a4
e6 9. Nf3 e5 10. Qe2 Nh5 11. g3 b6 12. Ng1 Ra7 13. Qd1 Qe8 14. Be2 Nf6 15.
g4 Nfd7 16. Qc2 f5 17. g5 b5 18. axb5 Nb6 19. Nf3 Raf7 20. Nd2 Qd8 21. h4
axb5 22. Nxb5 Na6 23. Rh2 Nb4 24. Qc3 Ba6 25. Na3 Bb7 26. Nc2 fxe4 27. Nxb4
cxb4 28. Qe3 Qc7 29. b3 Bxd5 30. cxd5 Nxd5 31. Qxe4 Nc3 32. Qxb4 d5 33. Bb2
e4 34. Rg2 d4 35. Bc4 e3 36. fxe3 Qe5 37. Bxf7+ Rxf7 38. Ra8+ Bf8 39. Qxd4
Qf5 1-0

[Event "Nat Ch"]
[Site "Reykjavik"]
[Date "1995.11.17"]
[Round "4"]
[White "Gretarsson, H"]
[Black "Bjarnason, S"]
[Result "1-0"]
[WhiteElo "2440"]
[BlackElo "2295"]

1. d4 Nf6 2. c4 c5 3. d5 e5 4. Nc3 d6 5. e4 Be7 6. Be2 O-O 7. Be3 Ne8 8.
Qd2 g6 9. g4 Ng7 10. O-O-O Nd7 11. Nf3 Nf6 12. h3 Qe8 13. Kb1 Bd7 14. Rdg1
Kh8 15. Ka1 Ng8 16. Bd3 f6 17. h4 Qf7 18. Rg2 a6 19. Ne1 f5 20. gxf5 gxf5
21. Rhg1 Nh5 22. Nf3 f4 23. Bxc5 dxc5 24. Nxe5 Qe8 25. Nxd7 Qxd7 26. e5 Qh3
27. Ne4 Bxh4 28. Qc3 Nh6 29. e6+ Bf6 30. Nxf6 Rxf6 31. Rg5 Rg8 32. Rxg8+
Nxg8 33. Rxg8+ 1-0

[Event "Nat Ch"]
[Site "Reykjavik"]
[Date "1995.11.17"]
[Round "4"]
[White "Karason, A"]
[Black "Jonasson, B"]
[Result "1-0"]
[WhiteElo "2235"]
[BlackElo "2300"]

1. d4 Nf6 2. c4 c5 3. d5 g6 4. Nc3 Bg7 5. e4 d6 6. Be2 O-O 7. Bg5 h6 8. Bf4
e6 9. dxe6 Bxe6 10. Qd2 Kh7 11. Bxd6 Re8 12. Nf3 Nc6 13. O-O Nd4 14. e5
Nxe2+ 15. Qxe2 Nd7 16. Rfd1 Qa5 17. Nd5 Rac8 18. a3 Qd8 19. h3 Rc6 20. Qd2
Bf5 21. Re1 g5 22. g4 Bg6 23. Rac1 f6 24. exf6 Nxf6 25. Be7 Qc8 26. Ne5
Nxd5 27. cxd5 Rxe7 28. Nxc6 Rxe1+ 29. Rxe1 bxc6 30. d6 Bf6 31. d7 Qf8 32.
Re6 Bd4 33. Qe1 Bf6 34. Re8 Qd6 35. Qe6 Qd1+ 36. Kh2 Qd5 37. Qxf6 1-0

[Event "Nat Ch"]
[Site "Reykjavik"]
[Date "1995.11.17"]
[Round "4"]
[White "Fridjonsson, Ju"]
[Black "Hjartarson, J"]
[Result "0-1"]
[WhiteElo "2210"]
[BlackElo "2570"]

1. e4 e5 2. Nf3 Nc6 3. Bb5 a6 4. Bxc6 dxc6 5. d4 exd4 6. Qxd4 Qxd4 7. Nxd4
Bd7 8. Be3 O-O-O 9. Nc3 c5 10. Nde2 Bc6 11. f3 b6 12. Kf2 g6 13. Rad1 Re8
14. Nd5 Bg7 15. b3 f5 16. exf5 Bxd5 17. Rxd5 Ne7 18. Rd3 Nxf5 19. c3 Rhf8
20. Re1 Rf7 21. Ng3 Nd6 22. c4 Rfe7 23. Re2 Be5 24. Rdd2 Re6 25. Rc2 h5 26.
Bg5 Nf7 27. Bc1 h4 28. Nf1 Bd4+ 29. Ke1 Ne5 30. h3 Nd3+ 31. Kd1 Rxe2 0-1

First Saturday GM Tournament
------------------------------

[Event "FS GM"]
[Site "Budapest"]
[Date "1995.10.07"]
[Round "1"]
[White "Szekely, P"]
[Black "Lukacs, P"]
[Result "1/2-1/2"]
[WhiteElo "2435"]
[BlackElo "2480"]

1. d4 d5 2. c4 c6 3. cxd5 cxd5 4. Nc3 Nf6 5. Nf3 Nc6 6. Bf4 Bf5 7. e3 e6 8.
Bd3 Bxd3 9. Qxd3 Bd6 10. Bxd6 Qxd6 11. O-O O-O 12. Rac1 Rfc8 13. a3 a6
1/2-1/2

[Event "FS GM"]
[Site "Budapest"]
[Date "1995.10.08"]
[Round "2"]
[White "Enders, P"]
[Black "Reschke, S"]
[Result "1-0"]
[WhiteElo "2470"]
[BlackElo "2380"]

1. e4 c5 2. Nf3 d6 3. d4 cxd4 4. Nxd4 Nf6 5. Nc3 g6 6. Be3 Bg7 7. f3 O-O 8.
Qd2 Nc6 9. Bc4 Bd7 10. O-O-O Rc8 11. Bb3 Ne5 12. h4 h5 13. Bg5 Rc5 14. Kb1
Re8 15. Bh6 b5 16. g4 Bh8 17. gxh5 Nxh5 18. Rhg1 Nc4 19. Qd3 Kh7 20. Bc1
Qa5 21. Rg5 Be5 22. Nde2 Rec8 23. f4 Bf6 24. Rxc5 Rxc5 25. Nd5 Bg4 26. Rg1
Bxe2 27. Qxe2 e6 28. Qxh5+ 1-0

[Event "FS GM"]
[Site "Budapest"]
[Date "1995.10.08"]
[Round "2"]
[White "Lukacs, P"]
[Black "Seul, G"]
[Result "1/2-1/2"]
[WhiteElo "2480"]
[BlackElo "2430"]

1. d4 g6 2. c4 Bg7 3. Nc3 c5 4. d5 f5 5. e4 Bxc3+ 6. bxc3 fxe4 7. f3 Nf6 8.
fxe4 d6 9. Bd3 Nbd7 10. Nf3 Ng4 11. h3 Nge5 12. Be2 Nxf3+ 13. gxf3 Nf6 14.
Qd3 Qa5 15. Qe3 O-O 16. Bd2 e5 17. dxe6 1/2-1/2

[Event "FS GM"]
[Site "Budapest"]
[Date "1995.10.08"]
[Round "2"]
[White "El Ghazali, Y"]
[Black "Schneider, A"]
[Result "1-0"]
[WhiteElo "2315"]
[BlackElo "2355"]

1. c4 g6 2. Nc3 Bg7 3. g3 Nf6 4. Bg2 O-O 5. Nf3 d6 6. O-O Nc6 7. d3 Bf5 8.
e4 Bg4 9. h3 Bxf3 10. Bxf3 Nd7 11. Be3 a6 12. d4 e5 13. dxe5 dxe5 14. Bg2
Nd4 15. f4 Nb6 16. b3 Bh6 17. c5 Nc8 18. Nd5 Ne6 19. fxe5 Bxe3+ 20. Nxe3
Qg5 21. Ng4 h5 22. Nf6+ Kg7 23. Qf3 Qxe5 24. Rad1 Qxc5+ 25. Kh2 Nb6 26. Nd7
Nxd7 27. Rxd7 Kh6 28. h4 Qe5 29. Rd5 Qg7 30. Qe3+ Kh7 31. e5 Rad8 32. Rxd8
Nxd8 33. Rf6 Re8 34. Qf4 c6 35. Be4 Re6 36. Bg2 Qf8 37. Bh3 Rxf6 38. exf6
Qa3 39. Qd2 Qf8 40. Qd7 Qh8 41. Qe7 Kh6 42. Bd7 c5 43. Be8 Ne6 44. Bxf7 Nd4
45. Bg8 g5 46. Qf8+ 1-0